| 000 | 00395nam a22001697a 4500 | ||
|---|---|---|---|
| 003 | NUST - PNEC | ||
| 005 | 20170116180945.0 | ||
| 008 | 150907b xxu||||| |||| 00| 0 eng d | ||
| 020 | _a- | ||
| 040 | _cLIBRARY | ||
| 082 | _a621.38 MOT | ||
| 100 |
_98936 _aMotorola |
||
| 245 |
_aThyristor device data _cMotorola |
||
| 260 | _c- | ||
| 650 |
_98935 _aMS Communication _xMSCom |
||
| 942 |
_2ddc _cBK |
||
| 999 |
_c66276 _d66276 |
||